| 000 | 00581nam a2200241Ia 4500 | ||
|---|---|---|---|
| 003 | IT-RoPAU | ||
| 008 | 120407s9999 xx 000 0 und d | ||
| 040 | _aIT-RoPAU | ||
| 040 | _cIT-RoPAU | ||
| 041 | _aita | ||
| 100 | _aSandro Spinsanti | ||
| 100 | _ccur. | ||
| 245 | _aDocumenti di deontologia e etica medica. A cura di Sandro Spinsanti. Presentazione di F. Introna | ||
| 250 | _aMilano | ||
| 260 | _aEdizioni Paoline | ||
| 260 | _c1985 | ||
| 300 | _a225 p. | ||
| 300 | _c21 cm | ||
| 490 | _aEtica professionale | ||
| 490 | _v1 | ||
| 942 | _cBK | ||
| 999 |
_c29422 _d29422 |
||